Nommez la vente la plus chère de chaque club de foot - Statistiques

Statistiques générales
  • Ce quiz a été pris 103 fois
  • Le résultat moyen est 12 sur 77
Statistiques - réponses
Hint Réponse % Correct
PSG Neymar
89%
FC Barcelone Neymar
89%
As Monaco Mbappé
80%
Manchester United Ronaldo
60%
Real Madrid Ronaldo
60%
Lille Pépé
46%
Chelsea Hazard
37%
Atlético Madrid Griezmann
34%
Eintracht Francfort Kolo Muani
32%
Juventus Pogba
30%
Borussia Dortmund Dembélé
29%
RC Lens Openda
28%
Everton Lukaku
26%
Inter Milan Lukaku
26%
Tottenham Bale
25%
Fc Nantes Sala
25%
Liverpool Coutinho
24%
Stade Rennais Doku
24%
Stade de Reims Ekitiké
23%
Brighton Caicedo
22%
Olympique Lyonnais Ndombélé
20%
Montpellier HSC Wahi
18%
FC Lorient Moffi
17%
VFL Wolfsburg De Bruyne
16%
Aston Villa Grealish
16%
Manchester City Sterling
15%
Olympique de Marseille Batshuayi
14%
West Ham United Rice
14%
Stade Brestois Faivre
13%
Braga Vitinha
13%
Ajax Antony
12%
Benfica João Félix
12%
Bayer Leverkusen Havertz
12%
Bayern Munich Hernandez
12%
Naples Higuain
12%
Clermont Foot Bayo
11%
Athletic Bilbao Kepa
11%
RB Leipzig Gvardiol
10%
Fiorentina Vlahovic
10%
Milan AC Kaka
9%
FC Metz Sarr
9%
VFB Stuttgart Pavard
8%
RC Strasbourg Diallo
6%
Atalanta Hojlund
6%
Fulham Mitrovic
6%
OGC Nice Seri
6%
Real sociedad Isak
5%
FC Cologne Modeste
5%
Wolwes Nunes
5%
Roma Alisson
4%
Toulouse FC Diop
4%
Seville FC Koundé
4%
Torino Bremer
3%
Sassuolo Locatelli
3%
Lazio Vieri
3%
Borussia M'Gladbach Xhaka
3%
Bournemouth Aké
2%
Hoffenheim Joelinton
2%
Nottingham Forest Johnson
2%
Porto Otavio
2%
Genoa Piatek
2%
Crystal Palace Wan Bissaka
2%
Sporting Portugal Bruno Fernandes
1%
Newcastle Caroll
1%
PSV Lozano
1%
Celta Vigo Veiga
1%
Union Berlin Awoniyi
0%
Villareal Bakambu
0%
Le Havre AC Kadewere
0%
Feyenoord Kokcu
0%
Betis Seville Lo Celso
0%
Valence Otamendi
0%
Arsenal Oxlade Chamberlain
0%
Fribourg Shade
0%
Bologne Verdi
0%
Brentford Watkins
0%
Girona Zaragoza
0%
Aucun quiz correspondant
Distribution des résultats
% des personnes avec chaque résultat
Percentile par nombre de réponses
Votre historique - résultats
Vous n’avez pas pris ce quiz